000 00683cam a2200205 4500500
005 20260329001630.0
041 _afre
042 _adc
100 1 0 _aBaudrillard, Jean
_eauthor
700 1 0 _aPaillard, Jean-François
_eauthor
245 0 0 _aJean Baudrillard. « L’antidote au mondial est du côté du singulier »
260 _c2008.
500 _a5
690 _aCapitalisme
690 _aJean Baudrillard
690 _aSingulier
690 _aSociété de consommation
786 0 _nPhilosophie magazine | 18 | 4 | 2008-04-01 | p. 21-23 | 1951-1787
856 4 1 _uhttps://shs.cairn.info/magazine-philosophie-magazine-2008-4-page-21?lang=fr&redirect-ssocas=7080
999 _c1807139
_d1807139